|
|
|
|
| LEADER |
00723nam a2200217Ia 4500 |
| 001 |
CTU_74159 |
| 008 |
210402s9999 xx 000 0 und d |
| 020 |
|
|
|b 29000
|
| 082 |
|
|
|a 005.758
|
| 082 |
|
|
|b T502
|
| 100 |
|
|
|a Nguyễn, Công Tuấn
|
| 245 |
|
0 |
|a Tự học SQL ( kèm đĩa CD- ROM)
|
| 245 |
|
0 |
|c Nguyễn Công Tuấn, Lê Trần Diễm Quý
|
| 260 |
|
|
|a Hà Nội
|
| 260 |
|
|
|b Lao Động xã hội
|
| 260 |
|
|
|c 2004
|
| 650 |
|
|
|a Database administration,SQL ( computer programs )
|
| 650 |
|
|
|x Computer programs
|
| 904 |
|
|
|i QHieu(sửa)
|
| 910 |
|
|
|a Sách kèm theo đĩa: AV.002295; AV.002295; AV.002296
|
| 980 |
|
|
|a Trung tâm Học liệu Trường Đại học Cần Thơ
|